| 000 | 01347cam a2200325 a 4500 | ||
|---|---|---|---|
| 001 | 4979428 | ||
| 003 | OSt | ||
| 005 | 20180117085946.0 | ||
| 008 | 980320s1999 nju b 001 0 eng | ||
| 010 | _a 98017562 | ||
| 020 | _a0805829253 (alk. paper) | ||
| 020 | _a0805829261 (pbk. : alk. paper) | ||
| 040 |
_aDLC _cDLC _dDLC |
||
| 050 | 0 | 0 |
_aP120.S48 _bR66 1999 |
| 082 | 0 | 0 |
_a306.44 _221 |
| 100 | 1 |
_aRomaine, Suzanne, _d1951- |
|
| 245 | 1 | 0 |
_aCommunicating gender / _cSuzanne Romaine. |
| 260 |
_aMahwah, N.J. : _bL. Erlbaum Associates, _c1999. |
||
| 300 |
_axiv, 406 p. ; _c24 cm. |
||
| 504 | _aIncludes bibliographical references (p. 357-382) and indexes. | ||
| 650 | 0 |
_aLanguage and languages _xSex differences. |
|
| 650 | 0 |
_aCommunication _xSex differences. |
|
| 650 | 0 | _aGender identity. | |
| 650 | 0 | _aFeminism. | |
| 856 | 4 | 2 |
_3Publisher description _uhttp://www.loc.gov/catdir/enhancements/fy0709/98017562-d.html |
| 906 |
_a7 _bcbc _corignew _d1 _eocip _f19 _gy-gencatlg |
||
| 942 |
_2ddc _cBK |
||
| 999 |
_c2655 _d2655 |
||